000 00363 a2200157 4500
001 48443
020 _a9788526013698
040 _cAnchieta - Bela Vista
100 _aFurlani, Lúcia Maria Teixeira
240 1 0 _aTudo é possível
_lpor
245 1 0 _aTudo é possível
300 _a47
362 0 _a2009
650 4 _aLiteratura infanto-juvenil
942 _cBK
999 _c48443
_d48443